<?xml version="1.0" encoding="UTF-8"?>
<record
    xmlns:xsi="http://www.w3.org/2001/XMLSchema-instance"
    xsi:schemaLocation="http://www.loc.gov/MARC21/slim http://www.loc.gov/standards/marcxml/schema/MARC21slim.xsd"
    xmlns="http://www.loc.gov/MARC21/slim">

  <leader>02329cam a2200481Ii 4500</leader>
  <controlfield tag="001">15992538</controlfield>
  <controlfield tag="003">EG-ScBUE</controlfield>
  <controlfield tag="005">20220303125821.0</controlfield>
  <controlfield tag="007">cr |||||||||||</controlfield>
  <controlfield tag="008">210421s2022    moua   f b    001 0 eng d</controlfield>
  <datafield tag="020" ind1=" " ind2=" ">
    <subfield code="a">9780323698207</subfield>
  </datafield>
  <datafield tag="035" ind1=" " ind2=" ">
    <subfield code="a">(OCoLC)on1246725604</subfield>
  </datafield>
  <datafield tag="035" ind1=" " ind2=" ">
    <subfield code="a">15992538</subfield>
  </datafield>
  <datafield tag="040" ind1=" " ind2=" ">
    <subfield code="a">COU</subfield>
    <subfield code="b">eng</subfield>
    <subfield code="e">rda</subfield>
    <subfield code="c">COU</subfield>
    <subfield code="d">OCLCO</subfield>
    <subfield code="d">INM</subfield>
    <subfield code="d">OCLCA</subfield>
    <subfield code="d">MNU</subfield>
    <subfield code="d">OCLCO</subfield>
    <subfield code="d">EG-ScBUE</subfield>
  </datafield>
  <datafield tag="082" ind1="0" ind2="4">
    <subfield code="2">22</subfield>
    <subfield code="a">617.645</subfield>
    <subfield code="b">MCD</subfield>
  </datafield>
  <datafield tag="130" ind1="0" ind2=" ">
    <subfield code="a">Dentistry for the child and adolescent (McDonald)</subfield>
  </datafield>
  <datafield tag="245" ind1="1" ind2="0">
    <subfield code="a">McDonald and Avery's dentistry for the child and adolescent /</subfield>
    <subfield code="c">[edited by] Jeffrey A. Dean ; associate editors, James E. Jones, Brian J. Sanders, LaQuia A. Walker Vinson, Juan Fernando Yepes ; video producer, Allison C. Scully.</subfield>
  </datafield>
  <datafield tag="246" ind1="3" ind2="0">
    <subfield code="a">Dentistry for the child and adolescent</subfield>
  </datafield>
  <datafield tag="250" ind1=" " ind2=" ">
    <subfield code="a">Eleventh edition.</subfield>
  </datafield>
  <datafield tag="264" ind1=" " ind2="1">
    <subfield code="a">St. Louis, Missouri :</subfield>
    <subfield code="b">Elsevier,</subfield>
    <subfield code="c">[2022]</subfield>
  </datafield>
  <datafield tag="264" ind1=" " ind2="4">
    <subfield code="c">c2022</subfield>
  </datafield>
  <datafield tag="300" ind1=" " ind2=" ">
    <subfield code="a">xviii, 734 pages :</subfield>
    <subfield code="b">illustrations (chiefly color) ;</subfield>
    <subfield code="c">30 cm</subfield>
  </datafield>
  <datafield tag="336" ind1=" " ind2=" ">
    <subfield code="a">text</subfield>
    <subfield code="b">txt</subfield>
    <subfield code="2">rdacontent</subfield>
  </datafield>
  <datafield tag="336" ind1=" " ind2=" ">
    <subfield code="a">still image</subfield>
    <subfield code="b">sti</subfield>
    <subfield code="2">rdacontent</subfield>
  </datafield>
  <datafield tag="337" ind1=" " ind2=" ">
    <subfield code="a">computer</subfield>
    <subfield code="b">c</subfield>
    <subfield code="2">rdamedia</subfield>
  </datafield>
  <datafield tag="338" ind1=" " ind2=" ">
    <subfield code="a">online resource</subfield>
    <subfield code="b">cr</subfield>
    <subfield code="2">rdacarrier</subfield>
  </datafield>
  <datafield tag="500" ind1=" " ind2=" ">
    <subfield code="a">Revision of: McDonald and Avery's dentistry for the child and adolescent / [edited by] Jeffrey A. Dean, David R. Avery, Ralph E. McDonald. 10th ed. c2016.</subfield>
  </datafield>
  <datafield tag="504" ind1=" " ind2=" ">
    <subfield code="a">Includes bibliographical references and index.</subfield>
  </datafield>
  <datafield tag="506" ind1=" " ind2=" ">
    <subfield code="a">Access restricted by licensing agreement.</subfield>
  </datafield>
  <datafield tag="590" ind1=" " ind2=" ">
    <subfield code="a">Access is available to the Yale community.</subfield>
  </datafield>
  <datafield tag="650" ind1=" " ind2="7">
    <subfield code="a">Dental Care for Children.</subfield>
    <subfield code="2">BUEsh</subfield>
  </datafield>
  <datafield tag="650" ind1=" " ind2="7">
    <subfield code="a">Pedodontics.</subfield>
    <subfield code="2">BUEsh</subfield>
    <subfield code="9">39506</subfield>
  </datafield>
  <datafield tag="650" ind1=" " ind2="7">
    <subfield code="a">Pediatric Dentistry</subfield>
    <subfield code="x">methods.</subfield>
    <subfield code="2">BUEsh</subfield>
    <subfield code="9">41624</subfield>
  </datafield>
  <datafield tag="653" ind1=" " ind2=" ">
    <subfield code="b">DDENT</subfield>
    <subfield code="c">March2022</subfield>
  </datafield>
  <datafield tag="655" ind1=" " ind2=" ">
    <subfield code="v">Reading book</subfield>
    <subfield code="9">34232</subfield>
  </datafield>
  <datafield tag="700" ind1="1" ind2=" ">
    <subfield code="a">Dean, Jeffrey A.</subfield>
    <subfield code="q">(Jeffrey Alan),</subfield>
    <subfield code="e">editor.</subfield>
  </datafield>
  <datafield tag="730" ind1="0" ind2=" ">
    <subfield code="a">Elsevier ClinicalKey eBooks.</subfield>
    <subfield code="g">OCLC KB.</subfield>
  </datafield>
  <datafield tag="730" ind1="0" ind2=" ">
    <subfield code="i">Revision of (expression):</subfield>
    <subfield code="a">McDonald and Avery's dentistry for the child and adolescent.</subfield>
    <subfield code="s">10th ed</subfield>
    <subfield code="d">&#xFFFD;2016.</subfield>
  </datafield>
  <datafield tag="776" ind1="0" ind2="8">
    <subfield code="i">Print version:</subfield>
    <subfield code="t">McDonald and Avery's dentistry for the child and adolescent.</subfield>
    <subfield code="b">Eleventh edition.</subfield>
    <subfield code="d">St. Louis, Missouri : Elsevier, [2021]</subfield>
    <subfield code="z">9780323698207</subfield>
    <subfield code="w">(OCoLC)1242744083</subfield>
  </datafield>
  <datafield tag="856" ind1="4" ind2="0">
    <subfield code="y">Online book</subfield>
    <subfield code="y">Online book</subfield>
    <subfield code="u">https://yale.idm.oclc.org/login?URL=https://www.clinicalkey.com/dura/browse/bookChapter/3-s2.0-C20180045922</subfield>
  </datafield>
  <datafield tag="942" ind1=" " ind2=" ">
    <subfield code="2">ddc</subfield>
    <subfield code="c">BB</subfield>
  </datafield>
  <datafield tag="999" ind1=" " ind2=" ">
    <subfield code="c">29844</subfield>
    <subfield code="d">29815</subfield>
  </datafield>
  <datafield tag="952" ind1=" " ind2=" ">
    <subfield code="0">0</subfield>
    <subfield code="1">0</subfield>
    <subfield code="2">ddc</subfield>
    <subfield code="4">0</subfield>
    <subfield code="7">0</subfield>
    <subfield code="8">Alahram</subfield>
    <subfield code="a">MAIN</subfield>
    <subfield code="b">MAIN</subfield>
    <subfield code="c">1ST</subfield>
    <subfield code="d">2022-03-03</subfield>
    <subfield code="e">Purchase</subfield>
    <subfield code="g">2299.00</subfield>
    <subfield code="h">282</subfield>
    <subfield code="l">1</subfield>
    <subfield code="o">617.645 MCD</subfield>
    <subfield code="p">000056202</subfield>
    <subfield code="q">2023-09-17</subfield>
    <subfield code="r">2023-07-05 00:00:00</subfield>
    <subfield code="s">2023-07-05</subfield>
    <subfield code="v">2873.75</subfield>
    <subfield code="w">2022-03-03</subfield>
    <subfield code="y">BB</subfield>
  </datafield>
</record>
